Biggest Cities of the World in 430 B.C. with a Map - Statistics

General Stats
  • This quiz has been taken 909 times
    855 since last reset
  • The average score is 19 of 81
Answers on the Map
Answers color-coded by a green-red scale on the quiz's map according to % correct below.
 
Answer Stats
Population City % Correct
70k Roma (Rome)
95%
175k Athenai (Athens)
90%
85k Carthage (Tunis)
87%
50k Yerushalaim (Jerusalem)
82%
120k Ji (Beijing)
79%
45k Sparta
76%
45k È (Wuchang, Wuhan)
72%
175k Syrakousai (Syracuse)
70%
225k Babylon (Hillah)
68%
50k Massalia (Marseille)
68%
30k Wanggeom-seong (Pyongyang)
63%
35k Darmsuq (Damascus)
59%
100k Memphis (Mit Rathina)
57%
75k Korinthos (Corinth)
53%
40k Messina
49%
35k Sur (Tyre)
49%
40k Thebai (Thebes)
48%
85k Persepolis (Marvdasht)
43%
100k Taras (Taranto)
35%
30k Cuicuilco (Mexico City)
32%
40k Sidun (Sidon)
31%
35k Korkyra (Corfu)
30%
100k Samarqand (Samarkand)
30%
40k Argos
27%
110k Pataliputra (Patna)
27%
60k Susa (Shush)
26%
40k Ephesus (Selçuk)
25%
175k Luoyi (Luoyang)
25%
50k Kashi (Varanasi)
23%
35k Kyrini (Shahhat)
23%
35k Panticapaeum (Kerch)
20%
100k Helü (Suzhou)
19%
35k Uruk
19%
60k Akragas (Agrigento)
18%
200k Ecbatana (Hamadan)
17%
100k Khios (Chios)
17%
50k Capeva (Capua)
16%
90k Tikal
16%
65k Kroton (Crotone)
15%
30k Peiraieus (Piraeus)
15%
45k Meroë
13%
100k Xinzheng (Xinzheng, Zhengzhou)
12%
75k Miletus (Balat)
11%
60k Sparda (Sart)
11%
45k Veii (Isola Farnese)
10%
30k Jinyang (Taiyuan)
9%
35k Gela
8%
85k Yingqiu (Linzi, Zibo)
8%
30k Aigina (Aegina)
7%
30k Elis
7%
50k Marib
6%
40k Megalopolis
6%
35k Tarquinia
6%
180k Xiadu (Yixian, Baoding)
6%
35k Ujjayini (Ujjain)
5%
50k Anuradhapura
4%
100k Oxhuitza (Caracol)
4%
35k Cisra (Cerveteri)
3%
60k Dantapura (Puri)
3%
40k Metapontion (Metaponto)
3%
35k Populonia
3%
40k Saketa (Ayodhya)
3%
30k Selinous (Marinella di Selinunte)
3%
30k Velathri (Volterra)
3%
30k Velch (Montalto di Castro)
3%
100k Yong (Fengxiang, Baoji)
3%
100k Anyi (Xiaxian, Yuncheng)
2%
85k Chicheng (Chicheng, Zhangjiakou)
2%
100k Qufu
2%
140k Rajagriha (Rajgir)
2%
120k Suiyang (Shangqiu)
2%
45k Vaishali
2%
30k Vatluna (Vetulonia)
2%
30k Velzna (Orvieto)
2%
100k Xintian (Houma, Linfen)
2%
50k Xue (Tengzhou, Zaozhuang)
2%
150k Champa (Champapuri)
1%
40k Kosambi
1%
60k Shangdang (Lucheng, Changzhi)
1%
85k Shravasti
1%
30k Trishirapuram (Tiruchirappalli)
1%
No matching quizzes found
Score Distribution
Percent of People with Each Score
Percentile by Number Answered
Your Score History
You have not taken this quiz since the last reset